00852nam a2200217 a 450000100100000000500170001000800410002704000250006808200210009310000240011424500360013826000500017430000270022459000260025165000280027765000310030591000370033695201190037395201250049299900170061700001192920240412074229.0091102s1978 dr a 000 0 spa d aDO-SdBNPbspacBNPHU aRD861.44bA162pe1 aAbreu, P. S.92820610aPerlas del alma /cP. S. Abreu. aSanto Domingo :bEducativa Dominicana,c1978. a67 p. :bil. ;c22 cm. aInventariado, 2018/VM 0aPoesía dominicana966 0aLiteratura dominicana.967 aValidado. Control de calidad MFF 0010718PDaPDbPDcHDd2009-11-02iLF1l0oRD861.44 A162pep11929-10r2020-06-25w2020-06-25yLFPDZNo se presta 0010718PDaPDbPDcHDd2009-11-02iLF1l0oRD861.44 A162pep11929-20r2020-06-25te. 2w2020-06-25yLFPDZNo se presta c11599d11599